Catalog

Record Details

Catalog Search



Theresia von Avila : Theresia von Jesus  Cover Image Book Book

Theresia von Avila : Theresia von Jesus / mit einem Essay von Walter Nigg ; 55 Farbbildern von Helmuth Nils Loose und einem Nachwort von Juan Bosco de Jesus

Record details

  • ISBN: 3451182106
  • Physical Description: 119 p. : ill. (some col.) ; 25 cm
  • Publisher: Freiburg im Breisgau ; Herder, 1981

Available copies

  • 1 of 1 copy available at Common Catalog SPOK.

Holds

  • 0 current holds with 1 total copy.
Show Only Available Copies
Location Call Number / Copy Notes Barcode Shelving Location Status Due Date
KDS Library 2:929 NiW 204576803417 Library Available -

LDR 00934nam a2200265 a 4500
00122787
003CZ-PrJAB
00520180120104119.0
008811110s1981 gw a 00010bger
010 . ‡a 81165397
020 . ‡a3451182106
035 . ‡a(DLC) 81165397
040 . ‡aDLC ‡beng ‡cDLC ‡dCaOONL
043 . ‡ae-sp---
072 7. ‡a27 ‡xKřesťanství. Křesťanská církev všeobecně. Eklesiologie ‡2Konspekt ‡95
1001 . ‡aNigg, Walter, ‡d1903-1988 ‡7xx0009245 ‡4aut ‡0(CZ-PrJAB)21638
24510. ‡aTheresia von Avila : ‡bTheresia von Jesus / ‡cmit einem Essay von Walter Nigg ; 55 Farbbildern von Helmuth Nils Loose und einem Nachwort von Juan Bosco de Jesus
260 . ‡aFreiburg im Breisgau ; ‡bHerder, ‡c1981
300 . ‡a119 p. : ‡bill. (some col.) ; ‡c25 cm
6530 . ‡akřesťanské světice
7001 . ‡aLoose, Helmuth Nils, ‡d1938- ‡7xx0081363 ‡0(CZ-PrJAB)39584
910 . ‡aABE463
901 . ‡a22787 ‡b ‡c22787 ‡tbiblio

Additional Resources